Score 0/7 Timer 03:00
1 Play Today
Population Country % Correct
10,485,800Haiti
75.4%
11,852,462Chad
55.6%
68,200,824Thailand
55.1%
26,908,262Ghana
49.7%
327,316Bahamas
40.8%
33,332,025Afghanistan
39.2%
73,376Marshall Islands
30.1%

You're not logged in!

Compare scores with friends on all Sporcle quizzes.
OR
Log In

Sporcle TV

Today on Sporcle TV


Watch our educational content, quiz creation guides, and fun videos on Sporcle TV.

Show Comments

Extras

Top Quizzes Today


Score Distribution

Paid Content

Your Account Isn't Verified!

In order to create a playlist on Sporcle, you need to verify the email address you used during registration. Go to your Sporcle Settings to finish the process.

Report this User

Report this user for behavior that violates our Community Guidelines.

Details: